00341nam a2200109Ia 4500008004100000082002100041100002300062245004100085260003400126630001800160650005300178211109s9999||||xx |||||||||||||| ||und|| a894.81207bJAC.M aJacob Mannummodu,  0aMalayalavimarsanathinte Poorvamugham bCurrent BooksaKottayamc1998 xGeneral stack aMalayalam literaturevLiteraturexStudyMalayalam